00790nam a22002057a 450000500170000001000150001702000260003203500140005803700130007208200140008510000200009924500890011926000550020827000790026330000350034250000200037794200280039799900190042595201400044420180327140802.0 aENG-122416 c895.00a9789352805297 aEN-105948 bDBAD/PUB a613.66082 aRouse, Wendy L. aHer own hero:cby Wendy L. RousebThe origins of the women's self-defense movement / aNew DelhibSage Publications India Pvt. Ltd.c2017 bNew Delhie110044aB1/I-1 Mohan Cooperative Industrial Area, Mathura Road, a255p.c23cm.(Hb)bill. picture aIncluding index 2ddccENmROUh613.66082 c150578d150578 001040718NFICaDBADbDBADd2018-03-27eDBAD/PUBg895.00l0o613.66082 ROUpEN-105948r2018-03-27 00:00:00t1v895.00w2018-03-27yEN